01709nam a2200265Ia 4500001000600000003000900006008004100015040001300056040001300069041001300082100001600095100002900111240008900140240003500229245009200264245009200356250001100448260000900459260000800468260004900476300005600525500081600581650001501397650003101412A8086IT-RoPAU130308s9999 xx 000 0 und d aIT-RoPAU cIT-RoPAU aITALIANO aThurian Max gCodice Aut. SPICS: 36357 aEUCHARISTIE (L')-MEMORIAL DU SEIGNEUR, SACRIFICE d'action DE grace ET D'INTERCESSION gCodice Tit. Orig. Spics: T2407 aEucaristia (L')-Memoriale del Signore, sacrificio di azione di grazia e d'intercessione bEucaristia (L')-Memoriale del Signore, sacrificio di Azione di grazia e D'Intercessione a2a ed. aROMA bAve c1971 [1° Ed.:1967 - Ed.Ling.Originale:1963] a"474 p. (prefazione: 36; testo: 438 [pagine: 0-0])" aMemoriale nell'Antico Testamento e Quadro Liturgico dell'Eucaristia. Banchetto Pasquale e Memoriale. vocabolario Liturgico del Memoriale. Memoriale della Pasqua e degli Azzimi. Memoriale e Oblazione. Memoriale Liturgico. Memoriale della Preghiera. Memoriale del Nuovo Testamento e Significato Sacrificale dell'Eucaristia. Parole di Cristo nella Santa Cena. sacrificio Eucaristico. presenza Reale. Liturgia Eucaristica. Liturgia dell'Ingresso. Liturgia della Parola. Liturgia dell'Eucaristia. Struttura dell'Eucaristia. Struttura Teologica delle Anafore. Diversi Elementi delle Anafore. Nuovo Ordo della Messa. celebrazione della Pasqua Ebraica e Cristiana. Memoriale dei Patriarchi e dei Santi nell'antica Alleanza. Memoriale dei Santi nella Tradizione Liturgica in Occidente. Accordo Ecumenico Sull'Eucaristia. aEUCARISTIA eCodice materia Spics: 9153